|
|
|
|
| LEADER |
00000nab a2200000 a 4500 |
| 001 |
vtls000731577 |
| 003 |
SK-MaSNL |
| 005 |
20260304120352.0 |
| 008 |
250429c2000 xo 0 slo |
| 015 |
|
|
|a SNBRB2000/09-23734
|
| 035 |
|
|
|a CLN000083697
|
| 035 |
|
|
|a urn:nbn:sk:snk-abbtnp
|
| 035 |
|
|
|a (urnnbn)urn:nbn:sk:snk:ar-000w41
|
| 035 |
|
|
|a (uuid)37ab2380-b791-4fc6-8ba5-49cfca99943b
|
| 040 |
|
|
|a SNKBUCL
|b slo
|c SNKBUCL
|e AACR2
|
| 041 |
0 |
|
|a slo
|
| 044 |
|
|
|a xo
|c SK
|
| 080 |
|
|
|a 681.3.07
|2 1997
|
| 100 |
1 |
|
|a Kyselica, Andrej
|4 aut
|9 820457
|
| 245 |
1 |
0 |
|a Storage Area Network (SAN) a podnikové dáta
|c Andrej Kyselica
|
| 300 |
|
|
|b Sch.
|
| 650 |
0 |
7 |
|a dáta
|x ukladanie
|x architektúra SAN
|2 snkbucl
|9 1424210
|
| 650 |
0 |
7 |
|a sklady dátové
|2 snkbucl
|9 899347
|
| 655 |
|
7 |
|a články z novín a časopisov
|2 snkbucl
|9 267496
|
| 773 |
0 |
|
|t AT&P journal
|g Roč. 7, č. 6 (2000), s. 54-56
|x 1335-2237
|
| 850 |
|
|
|a Slovenská národná knižnica
|
| 852 |
|
|
|a Slovenská národná knižnica
|
| 954 |
|
|
|a odborná, vedecká literatúra pôvodná (slovenská)
|2 lita
|
| 958 |
|
|
|a article15
|
| 958 |
|
|
|a OND
|
| 958 |
|
|
|a EUIPO
|
| 992 |
|
|
|a RBX
|
| 999 |
|
|
|c 2879621
|d 2881551
|